000 01377nam a2200265 i 4500
001 156535
003 ES-MaACL
005 20260217063015.0
008 931025s1869 sp |||| | spa d
100 1 _aKaempfen, Albert,
_d1826-1901
_9128422
245 1 3 _aLa taza de té /
_cpor A. Kaempfen (Enrique Este) .
_bLa caza del mirlo ; El sabio y el cocodrilo ; Los elefantes / por Mery ; traducción de F.N.
260 _aMadrid :
_bLibrería de Cuesta,
_c1869
_f(Imp. Universal, a cargo de Víctor Saiz)
300 _a126, 223-244 p. ;
_c18 cm.
490 1 _aBiblioteca económica de instrucción y recreo
500 _aEjemplar incompleto, detectado en 1947, falto de p. 127-222: La caza del mirlo (p. 127-168); El sabio y el cocodrilo (p. 169-204) y Los elefantes (p. 205-222)
500 _aEnc. hol.
530 _aDisponible en formato digital: La taza de té. La caza del mirlo. El sabio y el cocodrilo (ed. de Medina y Navarro, s.a.)
700 1 _aMéry, Joseph,
_d1797-1866
_980623
740 3 2 _aLa caza del mirlo.
740 3 2 _aEl sabio y el cocodrilo.
830 0 0 _aBiblioteca económica de instrucción y recreo
_9182441
856 _uhttps://bvpb.mcu.es/es/consulta/registro.do?id=577951
_yBiblioteca Virtual del Patrimonio Bibliográfico
_z(La taza de té. La caza del mirlo. El sabio y el cocodrilo)
942 _2udc
999 _c156535
_d156535